00000000nam 2200000zi 4500
0019.932017
003CaOODSP
00520241122155120
006m     o  d f      
007cr |n|||||||||
008231229s1991    qucd    ob   f|0| 0 fre d
040 |aCaOODSP|bfre|erda|cCaOODSP
043 |an-cn---
0861 |aCW66-1490/1991F-PDF
1001 |aGiroux, Jean-François, |eauteur.
24510|aÉtude sur la sélection de l'habitat par les couvées de canards dans les Îles-de-Contrecoeur en 1990 / |cpar Jean-François Giroux.
264 1|a[Sainte-Foy, Québec] : |bService canadien de la faune, |c1991.
300 |a1 ressource en ligne (22 pages) : |bgraphiques
336 |atexte|btxt|2rdacontent/fre
337 |ainformatique|bc|2rdamedia/fre
338 |aressource en ligne|bcr|2rdacarrier/fre
500 |aÉdition numérisée de l’imprimé [par Environnement et changement climatique Canada].
500 |a« Contrat KA313-9-6116. »
504 |aComprend des références bibliographiques (page 22).
650 6|aCanards|xHabitat|zQuébec (Province)|zRéserve nationale de faune des Îles-de-Contrecoeur.
650 0|aDucks|xHabitat|zQuébec (Province)|zÎles de Contrecoeur National Wildlife Area.
651 6|aRéserve nationale de faune des Îles-de-Contrecoeur (Québec)
651 0|aÎles de Contrecoeur National Wildlife Area (Québec)
7102 |aService canadien de la faune, |eorganisme de publication.
85640|qPDF|s637 Ko|uhttps://publications.gc.ca/collections/collection_2024/eccc/cw66/CW66-1490-1991-fra.pdf